[Event "Women's Speed Chess Q2"]
[Site "chess.com INT"]
[Date "2020.06.19"]
[Round "4"]
[White "Keetman, Maaike"]
[Black "Enkhtuul, Altan-Ulzii"]
[Result "1-0"]
[WhiteTitle "WFM"]
[BlackTitle "WGM"]
[WhiteElo "2169"]
[BlackElo "2228"]
[WhiteFideId "1033697"]
[BlackFideId "4901444"]
[EventDate "2020.06.19"]

1. e4 Nf6 2. Nc3 d5 3. e5 d4 4. exf6 dxc3 5. fxg7 cxd2+ 6. Bxd2 Bxg7 7. Qf3 Qd4
8. Bc3 Qd6 9. Bxg7 Rg8 10. Bc3 Nc6 11. Bc4 Ne5 12. Bxe5 Qxe5+ 13. Ne2 Bf5 14.
O-O-O c6 15. Rhe1 Qc5 16. Bb3 a5 17. a4 Rg7 18. h3 Kf8 19. Nd4 Bc8 20. Be6 Kg8
21. Bxc8 Rxc8 22. Nf5 e6 23. Nxg7 Kxg7 24. Rd7 Qg5+ 25. Kb1 Qg6 26. Red1 b5 27.
R1d4 h5 28. Qg3 c5 29. Qxg6+ Kxg6 30. Rf4 bxa4 31. Rdxf7 e5 32. Rf3 e4 33. R3f6+
Kg5 34. Re6 a3 35. bxa3 c4 36. Rxe4 c3 37. Rb7 Rd8 38. Re3 Rd1+ 39. Ka2 Rd2 40.
Rxc3 Rxf2 41. Rg7+ Kh4 42. g3+ Kxh3 43. g4+ Kh4 44. gxh5 Rf3 45. Rxf3 a4 46. Rf1
Kh3 47. Rh1# 1-0

[Event "Women's Speed Chess Q2"]
[Site "chess.com INT"]
[Date "2020.06.19"]
[Round "4"]
[White "Petrova, Irina"]
[Black "Soumya, Swaminathan"]
[Result "1-0"]
[WhiteTitle "WIM"]
[BlackTitle "IM"]
[WhiteElo "2087"]
[BlackElo "2351"]
[WhiteFideId "14124122"]
[BlackFideId "5016193"]
[EventDate "2020.06.19"]

1. d4 d5 2. c4 c6 3. Nf3 Nf6 4. Nc3 e6 5. cxd5 exd5 6. Bg5 Be7 7. e3 Bf5 8. Bd3
Bxd3 9. Qxd3 Nbd7 10. O-O O-O 11. Ne5 Re8 12. Rab1 a5 13. a3 Ne4 14. Bxe7 Qxe7
15. Nxd7 Qxd7 16. Nxe4 dxe4 17. Qc4 Re6 18. b4 axb4 19. axb4 b5 20. Qc2 f5 21.
f4 exf3 22. Rxf3 g6 23. Qb3 Kg7 24. Rc1 Rae8 25. Qc3 Qd5 26. Kf2 g5 27. Qc5 f4
28. Qxd5 cxd5 29. exf4 g4 30. Ra3 Re2+ 31. Kg3 h5 32. Rc7+ Kg8 33. f5 R8e3+ 34.
Kh4 Rxa3 35. f6 Ra6 36. Kg5 1-0

[Event "Women's Speed Chess Q2"]
[Site "chess.com INT"]
[Date "2020.06.19"]
[Round "4"]
[White "Arabidze, Meri"]
[Black "Aakanksha, Hagawane"]
[Result "1-0"]
[WhiteTitle "IM"]
[BlackTitle "WIM"]
[WhiteElo "2428"]
[BlackElo "2238"]
[WhiteFideId "13604040"]
[BlackFideId "25014510"]
[EventDate "2020.06.19"]

1. d4 Nf6 2. c4 c5 3. d5 e6 4. Nc3 exd5 5. cxd5 d6 6. e4 g6 7. Nge2 Bg7 8. Ng3
O-O 9. Be2 h5 10. Bg5 Qb6 11. Qd2 Nbd7 12. O-O Re8 13. Kh1 Nh7 14. Bh4 Ne5 15.
f4 Ng4 16. h3 Ngf6 17. Rae1 Bh6 18. Bc4 Nd7 19. Qf2 f6 20. b3 a6 21. a4 Qa5 22.
Qf3 Rb8 23. f5 Ne5 24. Qd1 Qxc3 25. fxg6 Ng5 26. Qxh5 Kg7 27. Bxg5 fxg5 28. Nf5+
Bxf5 29. exf5 Nd7 30. Re6 Nf6 31. Qe2 Rxe6 32. Qxe6 Qe5 33. Qf7+ Kh8 34. Qc7 Re8
35. Qxb7 Bg7 36. Qc6 Ne4 37. f6 Ng3+ 38. Kg1 Bxf6 39. Rxf6 Qe1+ 40. Kh2 Ne4 41.
Qxe8+ 1-0

[Event "Women's Speed Chess Q2"]
[Site "chess.com INT"]
[Date "2020.06.19"]
[Round "4"]
[White "Paramzina, Anastasya"]
[Black "Hejazipour, Mitra"]
[Result "1-0"]
[WhiteTitle "WGM"]
[BlackTitle "WGM"]
[WhiteElo "2209"]
[BlackElo "2300"]
[WhiteFideId "4165012"]
[BlackFideId "12505951"]
[EventDate "2020.06.19"]

1. e4 c5 2. Nf3 d6 3. d4 cxd4 4. Nxd4 Nf6 5. Nc3 a6 6. Nb3 e5 7. Bg5 Be6 8. f4
exf4 9. Qd2 Nbd7 10. O-O-O Be7 11. Bxf4 Ne5 12. Nd4 Qa5 13. Nxe6 fxe6 14. Kb1
Rc8 15. Bd3 Qc5 16. h3 O-O 17. g4 b5 18. Be3 Qc6 19. a3 Nfd7 20. Ne2 Nc4 21.
Bxc4 Qxc4 22. Nd4 Nf6 23. Qg2 b4 24. axb4 Qxb4 25. g5 Nd7 26. Nxe6 Rb8 27. c3
Qxc3 28. Bd4 Qb3 29. Nxf8 Nxf8 30. Qc2 Qb7 31. Rhf1 Kh8 32. Bc3 Ne6 33. Qd2 Nc5
34. Qd4 Ne6 35. Qd5 Qc8 36. e5 Qxc3 37. Rf2 Nc7 38. Qf7 Bf8 39. Qxf8+ Rxf8 40.
Rxf8# 1-0

[Event "Women's Speed Chess Q2"]
[Site "chess.com INT"]
[Date "2020.06.19"]
[Round "4"]
[White "Rovira Contreras, Tairu Manuela"]
[Black "Shvedova, Alexandra"]
[Result "0-1"]
[WhiteTitle "WIM"]
[BlackTitle "WFM"]
[WhiteElo "2058"]
[BlackElo "1994"]
[WhiteFideId "3900533"]
[BlackFideId "54154782"]
[EventDate "2020.06.19"]

1. d4 d5 2. Nf3 Nf6 3. e3 c5 4. b3 Nc6 5. Bb2 Bf5 6. dxc5 e6 7. Nd4 Bg4 8. f3
Bh5 9. Nxc6 bxc6 10. b4 a5 11. a3 axb4 12. axb4 Rxa1 13. Bxa1 Qa8 14. Nd2 Be7
15. Bd3 Qa3 16. Qb1 O-O 17. Qb2 Ra8 18. O-O Qa4 19. Rb1 Rb8 20. Qc1 Rxb4 21. Bd4
Nd7 22. c3 Rxb1 23. Qxb1 Qa7 24. Bxh7+ Kh8 25. c4 Bxc5 26. Nb3 Bxd4 27. Nxd4 g6
28. g4 Bxg4 29. Bxg6 fxg6 30. Qxg6 Nf8 31. Qh6+ Nh7 32. fxg4 Qa1+ 33. Kg2 Qa2+
34. Kg3 Qxc4 35. Qxe6 Qc1 36. Nf5 Qg1+ 37. Kh4 Qxh2# 0-1

[Event "Women's Speed Chess Q2"]
[Site "chess.com INT"]
[Date "2020.06.19"]
[Round "4"]
[White "Nikulina, Alena"]
[Black "Kucharska, Honorata"]
[Result "0-1"]
[WhiteTitle "WFM"]
[BlackTitle "WFM"]
[WhiteElo "1887"]
[BlackElo "2113"]
[WhiteFideId "4172051"]
[BlackFideId "1163868"]
[EventDate "2020.06.19"]

1. e4 e6 2. d4 d5 3. exd5 exd5 4. c4 c6 5. Nc3 Nf6 6. Nf3 Bb4 7. Bd3 O-O 8. O-O
Bg4 9. Be3 Nbd7 10. cxd5 cxd5 11. h3 Bh5 12. g4 Bg6 13. Ne5 Nxe5 14. dxe5 Bxc3
15. bxc3 Ne4 16. Qb3 b6 17. Rad1 Rc8 18. c4 Qe7 19. f4 Qh4 20. Rf3 h5 21. g5
dxc4 22. Bxc4 Rxc4 23. Qxc4 Nxg5 24. Qf1 Nxf3+ 25. Qxf3 Bf5 26. Kh2 Rc8 27. Rd2
Qe1 28. Rg2 g6 29. Bf2 Qe4 30. Qxh5 Qxg2+ 31. Kxg2 gxh5 32. Kf3 Rc2 33. Be3 Bxh3
34. Bd4 h4 35. Ke4 Bg2+ 36. Ke3 h3 37. f5 h2 0-1

[Event "Women's Speed Chess Q2"]
[Site "chess.com INT"]
[Date "2020.06.19"]
[Round "4"]
[White "Ambartsumova, Karina"]
[Black "Miroshnik, Ekaterina"]
[Result "1-0"]
[WhiteTitle "IM"]
[BlackTitle "WFM"]
[WhiteElo "2371"]
[BlackElo "2139"]
[WhiteFideId "4166299"]
[BlackFideId "34127698"]
[EventDate "2020.06.19"]

1. e4 d6 2. d4 Nd7 3. Nc3 Ngf6 4. g4 g6 5. h3 Bg7 6. Bg2 e6 7. Nge2 h5 8. g5 Ng8
9. Be3 Ne7 10. O-O O-O 11. f4 Nb6 12. h4 d5 13. e5 Nc4 14. Qc1 Nf5 15. Bf2 a5
16. b3 Nb6 17. a4 Nd7 18. Nd1 b6 19. c4 Bb7 20. Ndc3 c6 21. Qd2 Rc8 22. Rac1 Ba8
23. Rc2 Bb7 24. Rfc1 Ba6 25. Nd1 Qe7 26. Ne3 Nxe3 27. Bxe3 dxc4 28. bxc4 Rfd8
29. Ng3 Qa3 30. Ne4 Qe7 31. Nd6 Rc7 32. Bf3 c5 33. d5 Nxe5 34. fxe5 Bxe5 35. Nb5
Bxb5 36. axb5 exd5 37. Bxd5 Bg3 38. Bf4 Bxf4 39. Qxf4 Rcd7 40. Rf1 Rf8 41. Rcf2
Qe8 42. Qf6 Kh7 43. Bc6 Qb8 44. Bxd7 Qg3+ 45. Rg2 1-0

[Event "Women's Speed Chess Q2"]
[Site "chess.com INT"]
[Date "2020.06.19"]
[Round "4"]
[White "Mkrtchian, Lilit"]
[Black "Hng, Mei-En Emmanuelle"]
[Result "0-1"]
[WhiteTitle "IM"]
[BlackTitle "WFM"]
[WhiteElo "2388"]
[BlackElo "2029"]
[WhiteFideId "13300601"]
[BlackFideId "5804566"]
[EventDate "2020.06.19"]

1. d4 Nf6 2. c4 e6 3. Nf3 c5 4. d5 exd5 5. cxd5 d6 6. Nc3 g6 7. Nd2 Bg7 8. e4
O-O 9. Be2 Re8 10. O-O Nbd7 11. a4 a6 12. Ra3 Ne5 13. Qc2 Rb8 14. a5 Bg4 15. f3
Bd7 16. h3 g5 17. Nd1 Ng6 18. Ne3 Nf4 19. Ndc4 Qe7 20. Re1 N6h5 21. Bf1 Bd4 22.
Kh2 Ng6 23. Qf2 Qf6 24. Rd3 Bb5 25. Rdd1 Bxc4 26. Bxc4 Qf4+ 27. Kg1 b5 28. axb6
Rxb6 29. Rxd4 cxd4 30. Ng4 Qg3 31. Bxg5 Qxf2+ 32. Nxf2 f6 33. Bc1 Rc8 34. b3 a5
35. Nd3 a4 36. Ba3 axb3 37. Rc1 b2 38. Bxb2 Nhf4 0-1

[Event "Women's Speed Chess Q2"]
[Site "chess.com INT"]
[Date "2020.06.19"]
[Round "4"]
[White "Juhasz, Barbara"]
[Black "Stefanova, Antoaneta"]
[Result "1/2-1/2"]
[WhiteTitle "WIM"]
[BlackTitle "GM"]
[WhiteElo "2223"]
[BlackElo "2462"]
[WhiteFideId "743585"]
[BlackFideId "2902257"]
[EventDate "2020.06.19"]

1. e4 c6 2. d4 d5 3. Nc3 dxe4 4. Nxe4 Nf6 5. Nxf6+ exf6 6. c3 Bd6 7. Bd3 O-O 8.
Ne2 Re8 9. Qc2 h5 10. O-O h4 11. Bf4 Bg4 12. f3 Be6 13. Rfe1 Qc7 14. Bxd6 Qxd6
15. a3 Nd7 16. Rad1 Nf8 17. c4 g6 18. Qc3 f5 19. b4 Bd7 20. c5 Qc7 21. Bc4 Be6
22. d5 cxd5 23. Bxd5 Bxd5 24. Rxd5 Rad8 25. Rxd8 Qxd8 26. Kf1 Ne6 27. Nd4 Nf4
28. Rxe8+ Qxe8 29. Qd2 Qe5 30. Kf2 g5 31. Ne2 Ne6 32. g3 hxg3+ 33. hxg3 Kg7 34.
Qc3 Kf6 35. Qxe5+ Kxe5 36. Ke3 Kd5 37. Kd3 f4 38. gxf4 gxf4 39. Nc3+ Ke5 40. Nb5
a6 41. Nd6 Nd4 42. Nxf7+ Kd5 43. Ng5 a5 44. Nh3 Nxf3 45. Nxf4+ Kc6 46. Kc3 axb4+
47. axb4 Ne5 48. Ne2 Nd7 49. Nd4+ Kd5 50. Nb5 Nxc5 51. bxc5 Kxc5 52. Na3 b5 53.
Nxb5 1/2-1/2

[Event "Women's Speed Chess Q2"]
[Site "chess.com INT"]
[Date "2020.06.19"]
[Round "4"]
[White "Doluhanova, Evgeniya"]
[Black "Bouah, Denise"]
[Result "1-0"]
[WhiteTitle "WGM"]
[BlackTitle "WIM"]
[WhiteElo "2229"]
[BlackElo "1770"]
[WhiteFideId "14112035"]
[BlackFideId "14300818"]
[EventDate "2020.06.19"]

1. Nf3 c5 2. b3 Nc6 3. Bb2 d6 4. e3 Nf6 5. Be2 g6 6. O-O Bg7 7. c4 O-O 8. Nc3 a6
9. d4 cxd4 10. exd4 d5 11. h3 Rb8 12. Re1 Bf5 13. cxd5 Nxd5 14. Nxd5 Qxd5 15.
Bc4 Qd7 16. Ne5 Nxe5 17. dxe5 Rbd8 18. Qxd7 Rxd7 19. g4 Be6 20. Bxe6 fxe6 21.
Rad1 Rfd8 22. Rxd7 Rxd7 23. Kf1 Rd2 24. Re2 Rd1+ 25. Kg2 Kf7 26. Kf3 b5 27. Ke4
Rh1 28. Re3 Rd1 29. Rf3+ Ke8 30. a4 Rd2 31. Bd4 bxa4 32. bxa4 Ra2 33. Rb3 Rxa4
34. Rb8+ Kd7 35. Rb7+ Kd8 36. Rb8+ Kd7 37. f4 a5 38. Rg8 Bh6 39. g5 Bxg5 40.
fxg5 Ra2 41. Ra8 a4 42. Ra7+ Kc6 43. Rxe7 a3 44. Rxe6+ Kd7 45. Ra6 Rh2 46. Kd5
a2 47. e6+ Ke7 48. Bf6+ 1-0

[Event "Women's Speed Chess Q2"]
[Site "chess.com INT"]
[Date "2020.06.19"]
[Round "4"]
[White "Eswaran, Aksithi"]
[Black "Toncheva, Nadya"]
[Result "0-1"]
[WhiteTitle "WCM"]
[BlackTitle "WFM"]
[WhiteElo "1745"]
[BlackElo "2064"]
[WhiteFideId "2083485"]
[BlackFideId "2924056"]
[EventDate "2020.06.19"]

1. e4 c5 2. Nf3 Nc6 3. d4 cxd4 4. Nxd4 g6 5. c4 Bg7 6. Be3 Nf6 7. Nc3 O-O 8. f3
d6 9. Qd2 Bd7 10. Rc1 a5 11. b3 Nxd4 12. Bxd4 Bc6 13. Be2 Nd7 14. Nd5 Bxd5 15.
cxd5 Bxd4 16. Qxd4 Nc5 17. O-O Qb6 18. Kh1 Rfc8 19. f4 Nd7 20. Qxb6 Nxb6 21. Bb5
a4 22. b4 Kg7 23. Rfd1 Kf6 24. a3 h5 25. Kg1 h4 26. Kf2 g5 27. Kf3 gxf4 28. Kxf4
Rg8 29. g3 hxg3 30. hxg3 Rac8 31. g4 Rh8 32. Rxc8 Rxc8 33. Rd3 Rh8 34. Rc3 e5+
35. dxe6 fxe6 36. g5+ Kg6 37. Kg4 Rh1 38. Be8+ Kg7 39. Rc7+ Kf8 40. Bg6 Rg1+ 41.
Kh5 d5 42. Rxb7 Nc4 43. Rf7+ Kg8 44. Rc7 Ne5 45. Bh7+ Kh8 46. Bg6 Rh1# 0-1

[Event "Women's Speed Chess Q2"]
[Site "chess.com INT"]
[Date "2020.06.19"]
[Round "4"]
[White "Mammadova, Gulnar"]
[Black "Dwilewicz, Katarzyna"]
[Result "0-1"]
[WhiteTitle "IM"]
[BlackTitle "WFM"]
[WhiteElo "2382"]
[BlackElo "2120"]
[WhiteFideId "13403508"]
[BlackFideId "1148486"]
[EventDate "2020.06.19"]

1. e4 e5 2. Nf3 Nc6 3. Bc4 Bc5 4. d3 Nf6 5. Nc3 h6 6. Be3 Bb6 7. O-O d6 8. h3
O-O 9. d4 exd4 10. Nxd4 Re8 11. f3 Ne5 12. Bb3 Ng6 13. Qd2 c6 14. Rad1 Qe7 15.
Rfe1 Nh5 16. Bf2 Qf6 17. Nde2 Bxf2+ 18. Kxf2 Qh4+ 19. Kg1 Bxh3 20. gxh3 Qxh3 21.
Qxd6 Nh4 22. Bxf7+ Kh8 23. Nf4 Nxf4 24. Rd2 Nxf3+ 25. Kf2 Qg2+ 26. Ke3 Nxd2 27.
Qxf4 Rf8 28. Re2 Qh3+ 29. Kxd2 Rad8+ 30. Ke1 Qh1+ 31. Kf2 Rd7 32. Qg3 Rdxf7+ 33.
Ke3 Rf3+ 34. Qxf3 Qxf3+ 35. Kd2 Rd8+ 36. Ke1 Qh1+ 37. Kf2 Qh2+ 38. Ke3 Qg3# 0-1

[Event "Women's Speed Chess Q2"]
[Site "chess.com INT"]
[Date "2020.06.19"]
[Round "4"]
[White "Varshini, V"]
[Black "Goltseva, Ekaterina"]
[Result "1-0"]
[WhiteTitle "WGM"]
[BlackTitle "FM"]
[WhiteElo "2226"]
[BlackElo "2306"]
[WhiteFideId "5091241"]
[BlackFideId "24173770"]
[EventDate "2020.06.19"]

1. e4 e5 2. Nf3 Nc6 3. Bb5 a6 4. Ba4 Nf6 5. Qe2 d6 6. O-O Be7 7. c3 O-O 8. Rd1
Re8 9. d3 h6 10. Nbd2 b5 11. Bc2 d5 12. Nf1 d4 13. Ng3 Bf8 14. cxd4 exd4 15. Bd2
Be6 16. a3 Nb8 17. Rac1 c5 18. Bf4 Nc6 19. Qd2 Qb6 20. Nh4 c4 21. Ngf5 Rad8 22.
Bxh6 Bxf5 23. Nxf5 gxh6 24. Nxh6+ Bxh6 25. Qxh6 Ne5 26. f4 Neg4 27. Qg5+ Kf8 28.
e5 Rd5 29. h3 Nxe5 30. fxe5 Rdxe5 31. Qh6+ Ke7 32. Rf1 Re6 33. Rce1 Kd8 34. Rxe6
Rxe6 35. Qf8+ Re8 36. Qxf7 Nd7 37. Kh1 Re7 38. Qg8+ Re8 39. Qg5+ Kc8 40. dxc4
bxc4 41. Bf5 d3 42. Qg4 1-0

[Event "Women's Speed Chess Q2"]
[Site "chess.com INT"]
[Date "2020.06.19"]
[Round "4"]
[White "Kiran, Manisha Mohanty"]
[Black "Huda, Maryana"]
[Result "1/2-1/2"]
[WhiteTitle "WGM"]
[BlackTitle "WGM"]
[WhiteElo "2168"]
[BlackElo "2128"]
[WhiteFideId "5019575"]
[BlackFideId "14116553"]
[EventDate "2020.06.19"]

1. e4 e5 2. Nf3 Nc6 3. Bb5 a6 4. Ba4 Nf6 5. O-O b5 6. Bb3 Bb7 7. d3 Be7 8. a4
O-O 9. Re1 h6 10. Nbd2 Re8 11. Nf1 Bf8 12. Ne3 Nd4 13. Nxd4 exd4 14. Nf5 c5 15.
Qf3 c4 16. Ba2 d5 17. e5 Nd7 18. Qg3 Kh7 19. Bd2 Nc5 20. c3 Nxd3 21. Re2 dxc3
22. bxc3 bxa4 23. Bb1 a3 24. Bxd3 cxd3 25. Qxd3 g6 26. Nd4 Qc7 27. f4 Qc4 28.
Qe3 Bc8 29. h3 Rb8 30. Kh2 Rb2 31. Rf2 a2 32. f5 Rb1 33. fxg6+ fxg6 34. Rxa2 Qc7
35. Rxf8 Rxf8 36. Qxh6+ Kg8 37. Qxg6+ Qg7 38. Qxg7+ Kxg7 39. Bg5 Rff1 40. Bf6+
Kf7 41. h4 Ra1 42. Rb2 Rfb1 43. Rc2 Rc1 44. Rd2 Rd1 45. Re2 Re1 46. Rf2 Rf1 47.
Rb2 Rfb1 48. Rf2 Rf1 49. Rd2 Rfd1 50. Rb2 Rdb1 1/2-1/2

[Event "Women's Speed Chess Q2"]
[Site "chess.com INT"]
[Date "2020.06.19"]
[Round "4"]
[White "Cagara, Paulina"]
[Black "Zakirova, Aisha"]
[Result "1/2-1/2"]
[BlackTitle "WCM"]
[WhiteElo "2054"]
[BlackElo "1585"]
[WhiteFideId "1124870"]
[BlackFideId "13719734"]
[EventDate "2020.06.19"]

1. e4 c5 2. Nc3 d6 3. f4 Nc6 4. Nf3 g6 5. Bb5 Bd7 6. O-O Bg7 7. d3 Nf6 8. h3 O-O
9. a4 Nd4 10. Nxd4 cxd4 11. Ne2 Bxb5 12. axb5 Ne8 13. Kh1 Nc7 14. b6 axb6 15.
Rxa8 Qxa8 16. f5 d5 17. Bg5 dxe4 18. dxe4 Re8 19. Nxd4 Qd8 20. c3 b5 21. Qd2 b4
22. Qf2 bxc3 23. bxc3 Rf8 24. Rd1 Qd6 25. Bf4 Qc5 26. Qg3 Nb5 27. Ne2 Nxc3 28.
Nxc3 Qxc3 29. Qxc3 Bxc3 30. Rd7 e5 31. Bh6 Rb8 32. Rc7 Bd4 33. Bd2 b5 34. Bb4
Ra8 35. Kh2 Be3 36. Kg3 Bf4+ 37. Kg4 h5+ 38. Kf3 Kg7 39. fxg6 Kxg6 40. g3 Bg5
41. Rc6+ f6 42. h4 Bh6 43. g4 hxg4+ 44. Kxg4 Ra4 45. Be7 Rxe4+ 46. Kh3 Rf4 47.
h5+ Kxh5 48. Bxf6 b4 49. Bxe5 Re4 50. Bd6 b3 51. Rc5+ Kg6 52. Be5 1/2-1/2

[Event "Women's Speed Chess Q2"]
[Site "chess.com INT"]
[Date "2020.06.19"]
[Round "4"]
[White "Putri, Regita Desyari"]
[Black "Pham, Bich Ngoc"]
[Result "0-1"]
[WhiteTitle "WFM"]
[BlackTitle "WIM"]
[WhiteElo "1897"]
[BlackElo "2235"]
[WhiteFideId "7109083"]
[BlackFideId "12401285"]
[EventDate "2020.06.19"]

1. d4 g6 2. c4 Bg7 3. Nf3 d6 4. g3 f5 5. Bg2 Nf6 6. O-O O-O 7. Nc3 c6 8. b3 Na6
9. Bb2 Ne4 10. e3 Qe8 11. a3 Nxc3 12. Bxc3 e5 13. d5 c5 14. Qc2 Nc7 15. Rad1 b5
16. Bb2 a5 17. cxb5 Qxb5 18. a4 Qb6 19. Nd2 Na6 20. Nc4 Qc7 21. Bc3 Nb4 22. Bxb4
axb4 23. Rfe1 e4 24. f3 exf3 25. Bxf3 Ba6 26. Re2 Rae8 27. Kg2 Bc3 28. e4 f4 29.
g4 Bxc4 30. bxc4 Qe7 31. Kh1 Ra8 32. Qb3 Ra7 33. Ra2 Rfa8 34. Rf1 Qe8 35. Bg2 g5
36. h4 h6 37. Qc2 Rxa4 38. Rxa4 Rxa4 39. e5 Bxe5 40. Qf5 Ra7 41. hxg5 hxg5 42.
Qxg5+ Rg7 43. Qf5 Rh7+ 44. Kg1 Bd4+ 45. Rf2 Qe1+ 0-1

[Event "Women's Speed Chess Q2"]
[Site "chess.com INT"]
[Date "2020.06.19"]
[Round "4"]
[White "Jakubowska, Anna"]
[Black "Schulze, Lara"]
[Result "1-0"]
[WhiteTitle "WIM"]
[BlackTitle "FM"]
[WhiteElo "2073"]
[BlackElo "2314"]
[WhiteFideId "1121952"]
[BlackFideId "12956830"]
[EventDate "2020.06.19"]

1. e4 c5 2. Nc3 Nc6 3. g3 g6 4. Bg2 Bg7 5. d3 e6 6. Be3 b6 7. Qd2 Nge7 8. Bh6
O-O 9. h4 f5 10. h5 Qe8 11. Nb5 Be5 12. Bxf8 Qxf8 13. hxg6 Nxg6 14. c3 a6 15.
Na3 b5 16. f4 Bg7 17. Nf3 b4 18. Nc2 bxc3 19. bxc3 c4 20. Ng5 h6 21. Nh3 cxd3
22. Qxd3 Qc5 23. e5 Na5 24. Bxa8 Nc4 25. Qd4 Qb5 26. O-O Bf8 27. a4 Qb8 28. Bg2
Qc7 29. Kh2 Bc5 30. Qd1 Ngxe5 31. fxe5 Nxe5 32. Nd4 Ng4+ 33. Qxg4+ fxg4 34. Nf4
e5 35. Bd5+ Kg7 36. Nf5+ Kf6 37. Ng2 Kg6 38. Ngh4+ Kg5 39. Ne7 d6 40. Nxc8 Qxc8
41. Rf5+ Qxf5 42. Nxf5 Kxf5 43. Rf1+ Kg5 44. Be4 Be3 45. Rf5+ Kg6 46. Rf3+ Kg7
47. Rxe3 1-0

[Event "Women's Speed Chess Q2"]
[Site "chess.com INT"]
[Date "2020.06.19"]
[Round "4"]
[White "Kanyamarala, Trisha"]
[Black "Lesbekova, Asel"]
[Result "1-0"]
[WhiteTitle "WIM"]
[BlackTitle "WCM"]
[WhiteElo "2193"]
[BlackElo "1920"]
[WhiteFideId "45004722"]
[BlackFideId "13713248"]
[EventDate "2020.06.19"]

1. d4 f5 2. Bg5 g6 3. h4 Bg7 4. h5 h6 5. Bc1 g5 6. Qd3 d6 7. e4 e6 8. exf5 exf5
9. Nc3 Nc6 10. Nf3 Nge7 11. Bd2 g4 12. Nh4 Bxd4 13. O-O-O Bxf2 14. Ng6 Nxg6 15.
hxg6 Ne5 16. Qe2 Bg3 17. g7 Rg8 18. Bxh6 Be6 19. Qe3 Bh4 20. Bb5+ Kf7 21. Bf4
Qf6 22. Nd5 Bxd5 23. Rxd5 Rxg7 24. Bxe5 dxe5 25. Rd7+ Kg6 26. Rxg7+ Kxg7 27. Qc3
c6 28. Bc4 Bg5+ 29. Kb1 Rh8 30. Rd1 Kh6 31. Qb3 Rh7 32. Qb4 b5 33. Be2 Qe6 34.
Rd6 Re7 35. Rxe6+ Rxe6 36. Qc5 Kg6 37. c3 Kf6 38. Kc2 e4 39. Qf8+ Kg6 40. c4 f4
41. Qg8+ Kf6 42. Bxg4 Re5 43. Qh8+ 1-0

[Event "Women's Speed Chess Q2"]
[Site "chess.com INT"]
[Date "2020.06.19"]
[Round "4"]
[White "Sedina, Elena"]
[Black "Meenakshi, Subbaraman"]
[Result "0-1"]
[WhiteTitle "IM"]
[BlackTitle "WGM"]
[WhiteElo "2299"]
[BlackElo "2171"]
[WhiteFideId "812153"]
[BlackFideId "5004381"]
[EventDate "2020.06.19"]

1. e4 d6 2. d4 g6 3. Nf3 Bg7 4. Bd3 Nd7 5. O-O e5 6. c3 Ne7 7. Re1 O-O 8. Nbd2
c6 9. Nf1 Qc7 10. Bg5 f6 11. Bd2 f5 12. exf5 gxf5 13. dxe5 dxe5 14. Bg5 Ng6 15.
Ng3 e4 16. Bc4+ Kh8 17. Nd4 Nde5 18. Ne6 Bxe6 19. Bxe6 Nd3 20. Rf1 h6 21. Qh5
Ngf4 22. Qh4 Nxe6 23. Bxh6 Kg8 24. Bxg7 Qxg7 25. f3 Qg5 26. Qxg5+ Nxg5 27. fxe4
fxe4 28. h4 Ne6 29. Nxe4 Nxb2 30. Rfb1 Nd3 31. Rxb7 Ndc5 32. Re7 Nxe4 33. Rxe6
Rae8 34. Rxc6 Rf4 35. h5 Rg4 36. Rf1 Rg5 37. Rc7 Rxh5 38. Rff7 Rg5 39. Rxa7 Nxc3
40. Rae7 Ra8 41. Ra7 Rd8 42. Rad7 Re8 43. Rde7 Rxe7 44. Rxe7 Nxa2 45. Re2 Nc3
46. Rc2 Ne4 47. Re2 Nf6 48. Rf2 Kg7 49. Kf1 Kg6 50. Ra2 Rf5+ 51. Rf2 Ra5 52. g3
Kg5 53. Kg2 Ng4 54. Re2 Kf5 0-1

[Event "Women's Speed Chess Q2"]
[Site "chess.com INT"]
[Date "2020.06.19"]
[Round "4"]
[White "Zhukova, Natalia"]
[Black "Antolak, Julia"]
[Result "1/2-1/2"]
[WhiteTitle "GM"]
[BlackTitle "WIM"]
[WhiteElo "2328"]
[BlackElo "2323"]
[WhiteFideId "14101513"]
[BlackFideId "1159569"]
[EventDate "2020.06.19"]

1. c4 Nf6 2. Nc3 g6 3. e4 d6 4. d4 Bg7 5. f4 O-O 6. Nf3 Bg4 7. Be2 Bxf3 8. Bxf3
e5 9. fxe5 dxe5 10. d5 Ne8 11. O-O c5 12. Be3 b6 13. a3 Nd6 14. Qe2 Nd7 15. Nb5
Nf6 16. Bg5 a6 17. Nxd6 Qxd6 18. Qd2 Ne8 19. b4 f5 20. Kh1 Rc8 21. bxc5 Qxc5 22.
Be3 Qc7 23. Rab1 Nd6 24. Bxb6 Qxc4 25. Rfc1 Qa4 26. exf5 gxf5 27. Rc6 Nc4 28.
Qa2 Nxb6 29. Rcxb6 e4 30. Bd1 Qa5 31. d6+ Kh8 32. Be2 Qc5 33. g3 Rcd8 34. Bxa6
Rxd6 35. Rxd6 Qxd6 36. Bf1 e3 37. Qe2 Qe5 38. Bg2 Rd8 39. Rd1 Rxd1+ 40. Qxd1 h6
41. Bf3 Qb2 42. a4 Qd4 43. Qxd4 Bxd4 44. a5 Kg7 1/2-1/2

[Event "Women's Speed Chess Q2"]
[Site "chess.com INT"]
[Date "2020.06.19"]
[Round "4"]
[White "Nurmanova, Alua"]
[Black "Padmini, Rout"]
[Result "1-0"]
[WhiteTitle "WFM"]
[BlackTitle "IM"]
[WhiteElo "2026"]
[BlackElo "2370"]
[WhiteFideId "13729390"]
[BlackFideId "5029295"]
[EventDate "2020.06.19"]

1. e4 e5 2. Nf3 Nc6 3. Bb5 a6 4. Ba4 Nf6 5. Qe2 b5 6. Bb3 Bc5 7. c3 O-O 8. O-O
d6 9. h3 Bb6 10. d3 h6 11. Rd1 Qe7 12. Nbd2 Be6 13. Nf1 Bxb3 14. axb3 Kh7 15.
Ng3 g6 16. Nh2 Qe6 17. Qd2 Ng8 18. Ng4 f5 19. Nh2 fxe4 20. Ng4 Rxf2 21. Nxf2 e3
22. Qe2 exf2+ 23. Kf1 Nce7 24. Be3 Bxe3 25. Qxe3 Rf8 26. Rd2 Nd5 27. Qe2 Ngf6
28. Ne4 Nh5 29. Qg4 Qf7 30. Re2 Ndf4 31. Rd2 d5 32. Nc5 Qe7 33. b4 Nf6 34. Qf3
Nd7 35. Rxa6 Nxc5 36. bxc5 e4 37. Qg4 e3 38. Re2 Qf7 39. Rxe3 d4 40. Rf3 Qb3 41.
Rxf4 Rxf4 42. Qxg6+ Kh8 43. Ra8+ 1-0

[Event "Women's Speed Chess Q2"]
[Site "chess.com INT"]
[Date "2020.06.19"]
[Round "4"]
[White "Belenkaya, Dina"]
[Black "Tomilova, Elena"]
[Result "1/2-1/2"]
[WhiteTitle "WGM"]
[BlackTitle "WGM"]
[WhiteElo "2297"]
[BlackElo "2353"]
[WhiteFideId "24142654"]
[BlackFideId "4162340"]
[EventDate "2020.06.19"]

1. e4 e6 2. Qe2 c5 3. Nf3 Nc6 4. g3 g6 5. c3 Bg7 6. Bg2 Nge7 7. h4 h6 8. d4 cxd4
9. cxd4 Nxd4 10. Nxd4 Bxd4 11. O-O Bg7 12. Nc3 O-O 13. Rd1 Nc6 14. Be3 b6 15.
Qd2 Ba6 16. Bxh6 Ne5 17. Bxg7 Kxg7 18. h5 gxh5 19. f4 Ng4 20. Qd4+ Kg8 21. e5
Rc8 22. Ne4 Rc2 23. Bf3 Rc4 24. Qd3 Ra4 25. Qc2 Rc4 26. Qd3 Ra4 27. Qxd7 Qxd7
28. Rxd7 Bb5 29. Rd6 Rc8 30. b3 Rb4 31. Rad1 Ba6 32. Rd7 Bb5 33. Rd8+ Rxd8 34.
Rxd8+ Kg7 35. Nd6 Ba6 36. Bxg4 hxg4 37. Rd7 Kg6 38. Rxf7 Rd4 39. Rxa7 Bd3 40.
Rb7 Bf5 41. Nxf5 Kxf5 42. Rxb6 Rd2 43. a4 Ke4 44. a5 Kf3 45. a6 Rd1+ 46. Kh2
Rd2+ 47. Kg1 Rd1+ 48. Kh2 Rd2+ 49. Kg1 1/2-1/2